[Event "Saint Louis Masters 2026"]
[Site "Saint Louis USA"]
[Date "2026.02.27"]
[Round "5.33"]
[White "Cervantes Landeiro, Thalia"]
[Black "Yip, Carissa"]
[Result "0-1"]
[WhiteTitle "FM"]
[BlackTitle "IM"]
[WhiteElo "2247"]
[BlackElo "2466"]
[WhiteFideId "3520498"]
[BlackFideId "2090732"]
[EventDate "2026.02.25"]

1. d4 Nf6 2. c4 e6 3. Nc3 Bb4 4. e3 O-O 5. a3 Bxc3+ 6. bxc3 Nc6 7. Bd3 e5 8. f3
d6 9. Ne2 Nh5 10. O-O f5 11. a4 b6 12. c5 dxc5 13. Bc4+ Kh8 14. dxc5 Na5 15.
Qxd8 Rxd8 16. Bf7 Ba6 17. Re1 Nf6 18. cxb6 axb6 19. Ng3 g6 20. Rb1 Kg7 21. Ba2
Rd6 22. c4 Bxc4 23. Bxc4 Nxc4 24. Rb4 Rc6 25. Rd1 Kf7 26. e4 f4 27. Ne2 Ra5 28.
g3 g5 29. h4 h6 30. hxg5 hxg5 31. gxf4 gxf4 32. Kf2 Nd6 33. Bb2 Rc2 34. Bc3 Rc5
35. Bb2 Ke6 36. Ke1 Nd7 37. Rc1 Rxc1+ 38. Nxc1 Ra5 39. Bc3 Nc5 40. Kd2 Nxa4 41.
Rb3 Nxc3 42. Rxc3 c5 43. Rc2 Ra3 0-1

[Event "Saint Louis Masters 2026"]
[Site "Saint Louis USA"]
[Date "2026.02.27"]
[Round "6.1"]
[White "Woodward, Andy"]
[Black "Lodici, Lorenzo"]
[Result "1/2-1/2"]
[WhiteTitle "GM"]
[BlackTitle "GM"]
[WhiteElo "2608"]
[BlackElo "2590"]
[WhiteFideId "30953499"]
[BlackFideId "884189"]
[EventDate "2026.02.25"]

1. d4 d5 2. c4 e6 3. Nf3 c6 4. g3 dxc4 5. Bg2 b5 6. O-O Nf6 7. b3 cxb3 8. Qxb3
Bd6 9. Bg5 Bb7 10. Nc3 Nbd7 11. e4 Be7 12. e5 Nd5 13. Bxe7 Nxe7 14. Ne4 O-O 15.
Nd6 Rb8 16. Rac1 Nb6 17. Ng5 Nbd5 18. Qd3 Nf5 19. h4 h6 20. Nge4 Nde7 21. Rfd1
Ba8 22. h5 Nxd6 23. Nxd6 f5 24. Rc5 Nc8 25. Nxc8 Rxc8 26. Rdc1 Qd7 27. Qc3 Bb7
28. a4 a6 29. a5 Rfd8 30. Rd1 Qe8 31. Bf3 Kh8 32. Kf1 Qd7 33. Be2 Qe8 34. f4 Rd7
35. Kf2 Rcd8 36. Bf3 Rc8 37. Ke3 Rcd8 38. Rd2 Rc7 39. Kd3 Rcd7 40. Kc2 Rc7 41.
Kb2 Rcc8 42. Kc1 Rc7 43. Kd1 Rcc8 44. Ke1 Rc7 45. Kf1 Rcc8 46. Kf2 Rc7 47. d5
exd5 48. Rcxd5 Rxd5 49. Rxd5 c5 50. Rxc5 Rxc5 51. Qxc5 Bxf3 52. Kxf3 Qxh5+ 53.
Ke3 Qg6 54. Qc8+ Kh7 55. Kf2 b4 56. Qc4 Qh5 57. Qxb4 Qh2+ 58. Kf3 Qh1+ 59. Kf2
Qh2+ 1/2-1/2

[Event "Saint Louis Masters 2026"]
[Site "Saint Louis USA"]
[Date "2026.02.27"]
[Round "6.2"]
[White "Caruana, Fabiano"]
[Black "Hong, Andrew"]
[Result "1-0"]
[WhiteTitle "GM"]
[BlackTitle "GM"]
[WhiteElo "2795"]
[BlackElo "2587"]
[WhiteFideId "2020009"]
[BlackFideId "2099438"]
[EventDate "2026.02.25"]

1. e4 e5 2. Nf3 Nc6 3. Bc4 Bc5 4. Nc3 Nf6 5. d3 d6 6. Na4 Bb6 7. a3 O-O 8. O-O
Be6 9. Bxe6 fxe6 10. b4 Qe8 11. c3 h6 12. Ra2 Rd8 13. Re1 Nh5 14. g3 Nf6 15. Kg2
Rd7 16. h3 Rdf7 17. Nh2 Ne7 18. Nxb6 axb6 19. a4 b5 20. Be3 Qc6 21. axb5 Qxb5
22. c4 Qd7 23. b5 b6 24. h4 d5 25. f3 Ng6 26. Qc2 Rd8 27. Rea1 Qe8 28. Ra7 dxe4
29. dxe4 Rfd7 30. R7a3 Nh5 31. Ng4 Kh7 32. Qc1 Qe7 33. R3a2 Nhf4+ 34. gxf4 exf4
35. Bf2 h5 36. Nh2 Nxh4+ 37. Kh1 e5 38. Qe1 Ng6 39. c5 Qe6 40. cxb6 cxb6 41. Qg1
Rd6 42. Qg5 Qh3 43. Rg1 Rc8 44. Rd2 Rf6 45. Be1 Rc3 46. Rd5 Rc2 47. Bd2 Rb2 48.
Qg2 Qe6 49. Qf1 Kh6 50. Qc1 Ra2 51. Qb1 Ra8 52. Bb4 Ra4 53. Qb3 Ra8 54. Qc2 Qh3
55. Qg2 Qxg2+ 56. Kxg2 Ra4 57. Be1 Ra2+ 58. Kh3 Re6 59. Nf1 Ne7 60. Rd8 Ng6 61.
Nd2 Rb2 62. Nc4 Rb3 63. Nd6 Kh7 64. Nf7 Rf6 65. Rg5 Rxf3+ 66. Kg2 Rg3+ 67. Bxg3
Nh4+ 68. Bxh4 f3+ 69. Kf2 Rxf7 70. Rxh5+ 1-0

[Event "Saint Louis Masters 2026"]
[Site "Saint Louis USA"]
[Date "2026.02.27"]
[Round "6.3"]
[White "Matviishen, Viktor"]
[Black "Pranav, V"]
[Result "1/2-1/2"]
[WhiteTitle "GM"]
[BlackTitle "GM"]
[WhiteElo "2533"]
[BlackElo "2641"]
[WhiteFideId "14129850"]
[BlackFideId "25060783"]
[EventDate "2026.02.25"]

1. d4 Nf6 2. c4 e6 3. Nc3 Bb4 4. e3 O-O 5. Bd3 c5 6. Nf3 d5 7. O-O cxd4 8. exd4
dxc4 9. Bxc4 b6 10. Qe2 Bb7 11. Rd1 Bxc3 12. bxc3 Nbd7 13. Bd3 Qc7 14. c4 Rfe8
15. Bb2 Rad8 16. h3 Bc6 17. Re1 Qb7 18. Nh4 Nf8 19. Qe5 Ng6 20. Nxg6 hxg6 21.
Bf1 Ba4 22. Rab1 Bc2 23. Rbc1 Ba4 24. Rb1 Bc2 25. Rbc1 Ba4 1/2-1/2

[Event "Saint Louis Masters 2026"]
[Site "Saint Louis USA"]
[Date "2026.02.27"]
[Round "6.4"]
[White "Aryan, Chopra"]
[Black "Sonis, Francesco"]
[Result "1/2-1/2"]
[WhiteTitle "GM"]
[BlackTitle "GM"]
[WhiteElo "2631"]
[BlackElo "2561"]
[WhiteFideId "5084423"]
[BlackFideId "895733"]
[EventDate "2026.02.25"]

1. e4 e5 2. Nf3 Nc6 3. Bc4 Bc5 4. c3 Nf6 5. d3 h6 6. b4 Be7 7. Qb3 O-O 8. a4 d6
9. a5 a6 10. O-O Nh7 11. Be3 Ng5 12. Nbd2 Nxf3+ 13. Nxf3 Bg4 14. Nd2 Bg5 15.
Rae1 Qf6 16. h3 Bd7 17. Bxg5 Qxg5 18. Re3 Rae8 19. Rd1 Qg6 20. Rg3 Qh5 21. Rf3
Be6 22. Nf1 Nd8 23. Ng3 Qh4 24. d4 g6 25. dxe5 dxe5 26. Rfd3 c6 27. Bxe6 Nxe6
28. Rd7 Re7 29. Qc4 Rfe8 30. Nf1 Rxd7 31. Rxd7 Re7 32. g3 Qf6 33. Rxe7 Qxe7 34.
Nh2 Qd6 35. Nf3 Ng5 36. Nxg5 1/2-1/2

[Event "Saint Louis Masters 2026"]
[Site "Saint Louis USA"]
[Date "2026.02.27"]
[Round "6.5"]
[White "Durarbayli, Vasif"]
[Black "Kantor, Gergely"]
[Result "1/2-1/2"]
[WhiteTitle "GM"]
[BlackTitle "GM"]
[WhiteElo "2612"]
[BlackElo "2515"]
[WhiteFideId "13402935"]
[BlackFideId "751499"]
[EventDate "2026.02.25"]

1. e4 e5 2. Nf3 Nc6 3. Bc4 Nf6 4. d3 Bc5 5. a4 O-O 6. c3 a5 7. Bg5 Be7 8. Nbd2
d6 9. h3 Kh8 10. Qb3 Qe8 11. Be3 Ng8 12. g4 Nd8 13. d4 exd4 14. Nxd4 Bf6 15. Nb5
Qe7 16. O-O-O g6 17. Rhe1 c6 18. Na3 Ne6 19. f4 Bg7 20. Nf3 Nc7 21. Qb6 Nf6 22.
Bd4 Ne6 23. g5 Nh5 24. Bxg7+ Nhxg7 25. Qe3 f6 26. gxf6 Qxf6 27. f5 gxf5 28. e5
dxe5 29. Nxe5 f4 30. Qf2 f3 31. Rd3 Qg5+ 32. Rd2 Nf4 33. h4 Qf6 34. Qxf3 Be6 35.
Bxe6 Qxe6 36. Nc2 Ng6 37. Nxg6+ Qxg6 38. Qd3 Qxd3 39. Rxd3 Rf7 40. Re5 Rf1+ 41.
Rd1 Rf4 42. Rd4 Rf1+ 43. Rd1 Rf4 44. Nd4 Rxh4 45. Re7 c5 46. Nf3 Rxa4 47. Rdd7
Rg4 48. Rxb7 h5 49. Rf7 1/2-1/2

[Event "Saint Louis Masters 2026"]
[Site "Saint Louis USA"]
[Date "2026.02.27"]
[Round "6.6"]
[White "Antipov, Mikhail Al."]
[Black "Park, Evan"]
[Result "1-0"]
[WhiteTitle "GM"]
[BlackTitle "IM"]
[WhiteElo "2591"]
[BlackElo "2419"]
[WhiteFideId "4107012"]
[BlackFideId "30931142"]
[EventDate "2026.02.25"]

1. e4 e5 2. Nf3 Nc6 3. Bc4 Nf6 4. d3 Bc5 5. O-O d6 6. c3 a5 7. Re1 O-O 8. h3 h6
9. Nbd2 Be6 10. Bb5 Nd7 11. a3 Re8 12. Nf1 d5 13. exd5 Bxd5 14. Ne3 Bxe3 15.
Bxe3 Qf6 16. Nd2 Qg6 17. Qg4 Qxg4 18. hxg4 a4 19. f4 f6 20. f5 Red8 21. Rad1 Ra5
22. c4 Bf7 23. Ne4 Nd4 24. Bxd7 Rxd7 25. Bxh6 b5 26. Nc5 Re7 27. Bd2 Ra8 28. Bc3
Rd8 29. Bxd4 Rxd4 30. cxb5 Bd5 31. Ne4 Rd7 32. Nf2 Bb3 33. Rc1 R4d5 34. b6 cxb6
35. Rc8+ Rd8 36. Rec1 Rxc8 37. Rxc8+ Kf7 38. Kf1 Ba2 39. Ke2 Rb5 40. Nd1 Ke7 41.
Rc7+ Kf8 42. Ke3 Kg8 43. Rc2 Kh7 44. g3 Bb3 45. Rh2+ Kg8 46. Nc3 Rc5 47. g5 fxg5
48. Rh5 Kf7 49. Rxg5 Rc6 50. Rh5 b5 51. Rh4 Kf6 52. Rb4 Kxf5 53. Rxb5 Rd6 54.
Ne4 Rd5 55. Rb6 Bc2 56. Nf2 Bb3 57. Kf3 Rd4 58. Ke3 Rd8 59. Rb5 Rd5 60. Rb7 Kg6
61. Rb6+ Kf5 62. Kf3 Rd4 63. g4+ Kg5 64. Kg3 g6 65. Kf3 Kh6 66. Ke3 Rd8 67. Rb5
Rc8 68. Ne4 Rc2 69. g5+ Kh5 70. Kf3 Rxb2 71. Rxe5 Rb1 72. Ng3+ Kh4 73. Kf4 Kh3
74. Re3 Rb2 75. Nf5+ Kh2 76. Nd4 Rf2+ 77. Rf3 Ra2 78. Re3 Rf2+ 79. Ke5 Bd1 80.
Kd6 Ra2 81. Nb5 Rg2 82. Nc3 Bh5 83. Ne4 Bd1 84. d4 Bb3 85. d5 Ra2 86. Ke5 Ra1
87. d6 Rd1 88. Re2+ Kg1 89. Nd2 1-0

[Event "Saint Louis Masters 2026"]
[Site "Saint Louis USA"]
[Date "2026.02.27"]
[Round "6.7"]
[White "Quesada Perez, Yasser"]
[Black "Akobian, Varuzhan"]
[Result "0-1"]
[WhiteTitle "GM"]
[BlackTitle "GM"]
[WhiteElo "2562"]
[BlackElo "2549"]
[WhiteFideId "3509362"]
[BlackFideId "13300580"]
[EventDate "2026.02.25"]

1. e4 e6 2. d4 d5 3. Nc3 Bb4 4. Ne2 dxe4 5. a3 Bxc3+ 6. Nxc3 Nc6 7. Bf4 Nf6 8.
Bb5 Nd5 9. Bd2 Nxc3 10. Bxc6+ bxc6 11. Bxc3 Qg5 12. Qd2 h6 13. O-O-O Bb7 14. Bb4
c5 15. Bxc5 f5 16. Rhe1 Qxd2+ 17. Kxd2 g5 18. c4 a5 19. b3 Kf7 20. Kc2 h5 21. a4
h4 22. Ba3 Kg6 23. Bc1 f4 24. Rg1 Kf5 25. Bd2 Rh7 26. Bc3 g4 27. Bd2 Rg7 28.
Rdf1 Rh7 29. Kb2 Rh5 30. Kc2 Rh7 31. Kb2 Rd8 32. Bc3 Ra8 33. Bd2 Rd8 34. Bc3
Rhd7 35. g3 Rxd4 36. Bxd4 Rxd4 37. gxh4 Rd3 38. Rd1 Rh3 39. Rd7 Rxh2 40. Rxc7 e3
41. Rxb7 exf2 42. Rf1 g3 43. Rg7 Rg2 44. c5 Rg1 45. c6 Rxf1 46. c7 Rc1 47. Kxc1
f1=Q+ 48. Kb2 Qf2+ 49. Kb1 Qe1+ 50. Ka2 Qd2+ 51. Kb1 Qc3 0-1

[Event "Saint Louis Masters 2026"]
[Site "Saint Louis USA"]
[Date "2026.02.27"]
[Round "6.8"]
[White "Dudin, Gleb"]
[Black "Cordova, Emilio"]
[Result "1/2-1/2"]
[WhiteTitle "GM"]
[BlackTitle "GM"]
[WhiteElo "2596"]
[BlackElo "2494"]
[WhiteFideId "34184934"]
[BlackFideId "3801497"]
[EventDate "2026.02.25"]

1. e4 e6 2. d4 d5 3. Nc3 dxe4 4. Nxe4 Bd7 5. Nf3 Bc6 6. Bd3 Nd7 7. Qe2 Be7 8. c4
Ngf6 9. Nxf6+ Nxf6 10. Be3 O-O 11. O-O Be4 12. Rad1 c6 13. Ne5 Rc8 14. b3 a6 15.
h4 Bxd3 16. Rxd3 Nd7 17. Nxd7 Qxd7 18. h5 Rfe8 19. h6 g6 20. Rfd1 Bf8 21. Bg5 e5
22. d5 Qf5 23. Be3 cxd5 24. Rxd5 g5 25. Qh5 Be7 26. Rd7 b5 27. cxb5 axb5 28. a4
bxa4 29. bxa4 Qg6 30. Qxg6+ hxg6 31. a5 Ra8 32. R1d5 Bb4 33. Bb6 Bc3 34. Rc7 Bd4
35. Rdd7 Rf8 36. g4 Kh7 37. Rxf7+ Rxf7 38. Rxf7+ Kxh6 39. Kg2 Bxb6 40. axb6 Ra4
41. Kf3 Rb4 42. Rf6 Kg7 43. Rc6 Rf4+ 44. Ke3 Rxg4 45. Kd3 Rb4 46. Kc3 Rb1 47.
Kc4 e4 48. Kc5 Rb2 49. Re6 Rc2+ 50. Kd6 Rxf2 51. Rxe4 Kh6 52. Rb4 Rd2+ 53. Kc7
Rc2+ 54. Kd7 Rd2+ 55. Ke7 Re2+ 56. Kf7 Rf2+ 57. Ke7 Re2+ 58. Kf7 Rf2+ 59. Kg8
Rd2 60. b7 Rd8+ 61. Kf7 Rb8 62. Kf6 Kh5 63. Rb5 Kh4 64. Rxg5 Rxb7 65. Rxg6 Rb6+
66. Kg7 Rxg6+ 67. Kxg6 1/2-1/2

[Event "Saint Louis Masters 2026"]
[Site "Saint Louis USA"]
[Date "2026.02.27"]
[Round "6.9"]
[White "Raja, Harshit"]
[Black "Bharath, Subramaniyam H"]
[Result "1/2-1/2"]
[WhiteTitle "GM"]
[BlackTitle "GM"]
[WhiteElo "2472"]
[BlackElo "2595"]
[WhiteFideId "5089000"]
[BlackFideId "46634827"]
[EventDate "2026.02.25"]

1. e4 c5 2. Nf3 e6 3. d4 cxd4 4. Nxd4 Nf6 5. Nc3 Bb4 6. Nb5 d5 7. a3 Bxc3+ 8.
Nxc3 d4 9. e5 dxc3 10. Qxd8+ Kxd8 11. exf6 gxf6 12. b3 e5 13. Be3 Bf5 14. O-O-O+
Kc7 15. Bc5 Nc6 16. Bb5 Rhe8 1/2-1/2

[Event "Saint Louis Masters 2026"]
[Site "Saint Louis USA"]
[Date "2026.02.27"]
[Round "6.10"]
[White "Can, Isik"]
[Black "Mikaelyan, Arman"]
[Result "1/2-1/2"]
[WhiteTitle "GM"]
[BlackTitle "GM"]
[WhiteElo "2562"]
[BlackElo "2494"]
[WhiteFideId "6383742"]
[BlackFideId "13304852"]
[EventDate "2026.02.25"]

1. e4 c5 2. Nf3 Nc6 3. Bc4 Nf6 4. e5 Ng4 5. Qe2 Qc7 6. d4 cxd4 7. Bf4 f6 8. Na3
Ngxe5 9. Nb5 Nxf3+ 10. Qxf3 Qa5+ 11. c3 e5 12. Bd2 a6 13. cxd4 Qb6 14. Nc3 Nxd4
15. Qh5+ g6 16. Qh4 Bb4 17. O-O Bxc3 18. Bxc3 Nf5 19. Qg4 Ne7 20. Qd1 d5 21.
Bxd5 Nxd5 22. Qxd5 Be6 23. Qf3 O-O 24. a3 Rad8 25. Rad1 Bb3 26. Rxd8 Rxd8 27. h4
Bd5 28. Qg3 Be4 29. Kh2 Qe6 30. Re1 Qf5 31. Re2 Rd3 32. Re3 Rd7 33. Re2 Bc6 34.
Rd2 Rxd2 35. Bxd2 Qe4 36. Bc3 Qe2 37. Qe3 Qc4 38. Qh3 Kf7 39. Kg1 Qe4 40. Qg3
Bd5 41. f3 Qc4 42. Qf2 h6 43. Qb6 g5 44. hxg5 hxg5 45. Qd6 Be6 46. Qb8 Qd5 47.
Qh8 Qd3 48. Qh5+ Kg7 49. Qe8 Bf7 50. Qe7 Qd5 51. Kh2 Kg6 52. Qc7 Be6 53. Qb8 g4
54. fxg4 Bxg4 55. Qe8+ Kg5 56. Qh8 Kg6 57. Qe8+ Kg5 58. Qf8 Bh5 59. Bb4 Bg6 60.
Qd6 Qxd6 61. Bxd6 Kf4 62. Kg1 Ke3 63. Kf1 Bd3+ 64. Ke1 Be4 65. Be7 f5 66. Bf6
Kd4 67. g3 Bc6 68. Kf2 Ke4 69. Bg7 1/2-1/2

[Event "Saint Louis Masters 2026"]
[Site "Saint Louis USA"]
[Date "2026.02.27"]
[Round "6.11"]
[White "Stremavicius, Titas"]
[Black "Shlyakhtenko, Robert"]
[Result "1/2-1/2"]
[WhiteTitle "GM"]
[BlackTitle "IM"]
[WhiteElo "2547"]
[BlackElo "2453"]
[WhiteFideId "12804444"]
[BlackFideId "30936934"]
[EventDate "2026.02.25"]

1. Nf3 d5 2. g3 Nf6 3. Bg2 e6 4. O-O Be7 5. c4 O-O 6. d4 a5 7. b3 a4 8. Ba3 Nc6
9. Ne5 Nxe5 10. dxe5 Nd7 11. cxd5 Bxa3 12. Nxa3 Nxe5 13. Nc4 Qf6 14. Ne3 exd5
15. Nxd5 Qd8 16. bxa4 c6 17. Nc3 Qa5 18. Qc2 Rd8 19. Rfd1 Be6 20. Rab1 Rxd1+ 21.
Rxd1 Nc4 22. Ne4 h6 23. h4 Qe5 24. Kh2 f5 25. Nc3 f4 26. Qe4 fxg3+ 27. fxg3 Qxe4
28. Bxe4 Kf7 29. Rb1 Nd6 30. Bc2 Ke7 31. Bb3 Bg4 32. Rf1 Ra5 33. Rf4 h5 34. Kg1
g5 35. hxg5 Rxg5 36. Kf2 Re5 37. e3 Kd8 38. e4 Ke7 39. Ke3 Nf5+ 40. Kf2 Nd6 41.
Ke3 Nf5+ 42. Kf2 1/2-1/2

[Event "Saint Louis Masters 2026"]
[Site "Saint Louis USA"]
[Date "2026.02.27"]
[Round "6.12"]
[White "Hardaway, Brewington"]
[Black "Pyrih, Roman"]
[Result "1/2-1/2"]
[WhiteTitle "GM"]
[BlackTitle "IM"]
[WhiteElo "2544"]
[BlackElo "2403"]
[WhiteFideId "30941849"]
[BlackFideId "14179156"]
[EventDate "2026.02.25"]

1. e4 c5 2. Nf3 d6 3. d4 cxd4 4. Nxd4 Nf6 5. Nc3 a6 6. g3 e5 7. Nb3 Be7 8. Bg5
Nbd7 9. a4 h6 10. Be3 Qc7 11. Nd2 Nc5 12. Bc4 O-O 13. Qe2 Be6 14. a5 Qc6 15.
Bxc5 Qxc5 16. O-O Rac8 17. Ra4 Bd7 18. Ra3 Bg4 19. Qd3 Bh3 20. Re1 Be6 21. Bb3
Bd8 22. Re3 Ng4 23. Rf3 Bxa5 24. Nd1 Bb4 25. Ra4 Bxd2 26. Qxd2 Bxb3 27. Rxb3 Qc6
28. Nc3 Nf6 29. Qe3 b5 30. Ra1 Qb7 31. Qd3 Rfd8 32. Nd5 Nxd5 33. Qxd5 Qc6 34.
Rf3 Rc7 35. Kg2 Rdd7 36. Rd3 g6 37. c3 Kg7 38. f4 exf4 39. gxf4 Re7 40. Kf3 Re6
41. h4 h5 42. Qd4+ Kh7 43. Qd5 Kg7 44. Qd4+ Kg8 45. Qd5 Kh7 46. Rd4 Qd7 47. Rxa6
b4 48. Rxb4 Rf6 49. f5 Qe7 50. Rb8 gxf5 51. Raa8 Qxe4+ 52. Qxe4 fxe4+ 53. Ke3
Rf5 54. Kxe4 Kg6 55. Rd8 Rc4+ 56. Kd3 Rxh4 57. Rxd6+ f6 58. b4 Rh1 59. Kc4 Rb1
60. Rg8+ Kf7 61. Rh8 Kg7 62. Rdd8 Rf4+ 63. Kb5 Rc1 64. Rdg8+ Kf7 65. Rg3 h4 66.
Rh3 Kg7 67. R8xh4 Rxh4 68. Rxh4 Rxc3 69. Rc4 Rb3 70. Kc5 f5 71. b5 Kf6 72. Rb4
Rxb4 73. Kxb4 Ke6 74. Kc5 Kd7 75. Kd5 Kc7 76. Ke5 Kb6 77. Kxf5 Kxb5 1/2-1/2

[Event "Saint Louis Masters 2026"]
[Site "Saint Louis USA"]
[Date "2026.02.27"]
[Round "6.13"]
[White "Atanasov, Anthony"]
[Black "Mardov, Dimitar"]
[Result "1/2-1/2"]
[WhiteTitle "IM"]
[BlackTitle "IM"]
[WhiteElo "2441"]
[BlackElo "2504"]
[WhiteFideId "2623897"]
[BlackFideId "30919495"]
[EventDate "2026.02.25"]

1. d4 d5 2. Nf3 Nf6 3. Bf4 c5 4. e3 Nc6 5. Nbd2 Bg4 6. c3 e6 7. Qa4 Nd7 8. Ne5
Ndxe5 9. Bxe5 c4 10. b3 Qd7 11. Bg3 cxb3 12. axb3 a6 13. b4 Rc8 14. b5 axb5 15.
Bxb5 Bd6 16. O-O O-O 17. c4 Bxg3 18. hxg3 dxc4 19. Nxc4 Qc7 20. Bxc6 Be2 21.
Bxb7 Bxf1 22. Bxc8 Bxc4 23. Ba6 Bxa6 24. Qxa6 h6 25. Qe2 Rd8 26. Qf3 Qb8 27. Ra5
Qb6 28. Ra8 Kf8 29. Rxd8+ Qxd8 30. Qc6 Qa5 31. Qd6+ Ke8 32. Qf4 Ke7 33. g4 f6
34. g3 Qb6 35. Qe4 Kf7 36. Kg2 Qa6 37. Kg1 Kf8 38. Qf3 Kf7 39. Kg2 Qb5 40. Qa8
Qd7 41. Kg1 Qc7 42. Kh2 Qe7 43. Qc6 Qa7 44. Kg2 Ke7 45. Kf3 Qb8 46. Kg2 Qa7 47.
Qc8 Kf7 48. Kf3 Qa4 49. Qb7+ Kf8 50. Kg2 Kg8 51. Qc8+ Kf7 52. Qc7+ Kf8 53. Qd6+
Kf7 54. e4 Qc4 55. Qc5 Qd3 56. Qc7+ Kg8 57. Qc8+ Kh7 58. Qxe6 Qxd4 59. Qd5 Qc3
60. Qf5+ Kh8 61. Qf3 Qd4 62. Kh3 Qd2 63. Qf4 Qd1 64. Kg2 Qd3 65. Qf5 Qe2 66. Qg6
Kg8 67. Qe8+ Kh7 68. Qe6 Kh8 69. Qc8+ Kh7 70. Qf5+ Kh8 71. Qf4 Kh7 72. Qf3 Qd2
73. e5 fxe5 74. Qe4+ Kg8 75. Qxe5 Qd7 76. Qe4 Kh8 77. Qf5 Qc6+ 78. Qf3 Qc8 79.
Qe4 Qd7 80. Kh2 Kg8 81. Qf4 Qc8 82. Qd4 Kh8 83. Qe4 Qd7 84. Qf5 Qe7 85. Qc8+ Kh7
86. Qb8 Qe4 87. Qf4 Qe7 88. Qc4 Kh8 89. Qc8+ Kh7 90. Kh3 Qe2 91. Qf5+ Kh8 92.
Qf8+ Kh7 93. Qf7 Qf1+ 94. Kh2 Qe2 95. Qf4 Kh8 96. Kg1 Qe7 97. Kf1 Kh7 98. Qe3
Qb7 99. Ke2 Qb2+ 100. Qd2 Qe5+ 101. Kf3 Qf6+ 102. Qf4 Qc3+ 103. Kg2 Qc6+ 104.
Kg1 Qe8 105. g5 hxg5 106. Qxg5 Qe1+ 107. Kg2 Qe4+ 108. Kh2 Qf3 109. Qh4+ Kg8
110. Qc4+ Kh7 111. Qf1 Kg8 112. Kg1 Kh7 113. Qg2 Qe2 114. Qd5 Kh8 115. Kg2 Kh7
116. Qf3 Qe6 117. Qd3+ g6 118. Qe3 Qd7 119. Qe4 Kg7 120. Qe5+ Kh7 121. Qf6 Qd5+
122. Kh2 Qd7 123. Qf8 Qe6 124. Kg2 Qd5+ 125. Qf3 Qd7 126. Qe4 Kg7 127. Kf3 Qd1+
128. Kf4 Qd2+ 129. Qe3 Qb4+ 130. Kf3 Qb7+ 131. Qe4 Qf7+ 132. Kg2 Qd7 133. g4 Qd6
134. Kh3 Qf6 135. Qe3 Kh7 136. f4 Qd8 137. Qa7+ Kg8 138. Qa6 Kg7 139. Kg3 Qe7
140. Qa1+ Kh7 141. Qe5 Qd8 142. Qe4 Kg7 143. Qe3 Kh7 144. Qc3 Qe7 145. Qd3 Kg7
146. Qd2 Qa3+ 147. Kf2 Qa7+ 148. Qe3 Qd7 149. Kf3 Qd1+ 150. Kg3 Qd8 151. g5 Qd7
152. Qa3 Kh7 153. Kh4 Qb7 154. Qh3 Kg7 155. Qe3 Qd7 156. Kg3 Qb7 157. Qd4+ Kh7
158. Kf2 Qe7 159. Qd5 Qe8 160. Qe5 Qd7 161. Qe4 Qa7+ 162. Ke2 Qa2+ 163. Ke3 Qb3+
164. Qd3 Qe6+ 165. Kf2 Qb6+ 166. Kf3 Qc6+ 167. Qe4 Qc3+ 168. Kg4 Qc8+ 169. Kh4
Qc7 170. Qe5 Qd7 171. Qe3 Kg7 172. Qc3+ Kh7 173. Qh3 Qc6 174. Kg4+ Kg7 175. Qf3
Qd7+ 176. Kg3 Qc7 177. Qa3 Qd7 178. Qa6 Kh7 179. Kf3 Qh3+ 180. Ke4 Qf5+ 181. Ke3
Qc5+ 182. Ke2 Qc7 183. Qa4 Qf7 184. Kd3 Qd5+ 185. Qd4 Qb5+ 186. Qc4 Qf5+ 187.
Ke3 Qd7 188. Qc5 Qe6+ 189. Kd4 Qd7+ 190. Qd5 Qa7+ 191. Ke5 Qg7+ 192. Kd6 Qf8+
193. Kc6 Qa8+ 194. Kc5 1/2-1/2

[Event "Saint Louis Masters 2026"]
[Site "Saint Louis USA"]
[Date "2026.02.27"]
[Round "6.14"]
[White "Tiglon, Bryce"]
[Black "Adewumi, Tanitoluwa"]
[Result "0-1"]
[WhiteTitle "GM"]
[BlackTitle "IM"]
[WhiteElo "2550"]
[BlackElo "2433"]
[WhiteFideId "2087456"]
[BlackFideId "30966396"]
[EventDate "2026.02.25"]

1. e4 e5 2. Nf3 Nc6 3. Bb5 f5 4. d3 fxe4 5. dxe4 Nf6 6. O-O d6 7. Bc4 Bg4 8. h3
Bh5 9. Nc3 Qd7 10. Nd5 O-O-O 11. Qd3 Kb8 12. a4 Bxf3 13. Qxf3 Nd4 14. Qd3 c6 15.
Nxf6 gxf6 16. c3 d5 17. exd5 cxd5 18. cxd4 dxc4 19. Qxc4 exd4 20. Bf4+ Ka8 21.
Rfd1 Bg7 22. a5 a6 23. Rac1 f5 24. Qb4 Rc8 25. Bd6 Rhe8 26. Rxc8+ Rxc8 27. Bc5
Qd5 28. Bb6 Be5 29. Qa3 Rg8 30. f3 Bd6 31. Qe3 Rxg2+ 32. Kf1 Rg3 33. Rd3 Be5 34.
Ke1 f4 35. Qf2 Rxh3 36. Kd2 Qa2 37. Bxd4 Bxd4 38. Qxd4 Rh2+ 39. Ke1 Qxa5+ 40. b4
Rh1+ 0-1

[Event "Saint Louis Masters 2026"]
[Site "Saint Louis USA"]
[Date "2026.02.27"]
[Round "6.15"]
[White "Celik, Hasan Huseyin"]
[Black "Mishra, Abhimanyu"]
[Result "0-1"]
[WhiteTitle "IM"]
[BlackTitle "GM"]
[WhiteElo "2495"]
[BlackElo "2629"]
[WhiteFideId "44506759"]
[BlackFideId "30920019"]
[EventDate "2026.02.25"]

1. d4 Nf6 2. c4 e6 3. Nf3 d5 4. Nc3 h6 5. cxd5 exd5 6. Bf4 Bd6 7. Bxd6 Qxd6 8.
Qc2 O-O 9. e3 a6 10. h3 b6 11. Be2 Nbd7 12. O-O Bb7 13. Rfd1 c5 14. dxc5 bxc5
15. Rac1 Rfe8 16. Qb3 Rab8 17. Qa3 Re6 18. Rc2 Qe7 19. Rcd2 g6 20. Qa5 d4 21.
exd4 Bxf3 22. Bxf3 Re1+ 23. Kh2 Qd6+ 24. g3 Rxd1 25. Nxd1 cxd4 26. Qa3 Rb4 27.
Bg2 h5 28. Ne3 Qb6 29. Nd5 Nxd5 30. Bxd5 Ne5 31. b3 h4 32. Qc1 Qd6 33. Bg2 d3
34. Qc3 hxg3+ 35. fxg3 Rb5 36. Qc8+ Kh7 37. Qa8 Rc5 38. Qe4 Rc1 39. h4 Qe6 40.
Bh3 Ng4+ 41. Qxg4 Qe1 42. Bg2 Qxd2 43. Qd7 Rf1 44. h5 gxh5 45. Kh3 Rf6 46. Be4+
Kg7 47. Bxd3 Qd1 48. Kh4 Rd6 49. Qxd6 Qg4# 0-1

[Event "Saint Louis Masters 2026"]
[Site "Saint Louis USA"]
[Date "2026.02.27"]
[Round "6.16"]
[White "Wang, Tianqi"]
[Black "Fier, Alexandr"]
[Result "0-1"]
[WhiteTitle "IM"]
[BlackTitle "GM"]
[WhiteElo "2331"]
[BlackElo "2572"]
[WhiteFideId "2063824"]
[BlackFideId "2107139"]
[EventDate "2026.02.25"]

1. d4 Nf6 2. Nf3 d5 3. c4 e6 4. g3 dxc4 5. Bg2 a6 6. Ne5 Bb4+ 7. Nc3 Nd5 8. Bd2
Nb6 9. Ne4 a5 10. e3 N8d7 11. f4 O-O 12. O-O f5 13. Nxd7 Bxd7 14. Bxb4 axb4 15.
Nc5 Nd5 16. Bxd5 exd5 17. Nxb7 Qe7 18. Qd2 Rfb8 19. Nc5 Rb5 20. Rfe1 Qd6 21.
Reb1 Be8 22. Rc1 Bh5 23. a4 Rxc5 24. dxc5 Qxc5 25. Kf2 Ra5 26. b3 c3 27. Qd3 Qf8
28. h3 Qf6 29. Qd4 Qe7 30. Rg1 Bf7 31. g4 c5 32. Qd3 c4 33. Qd4 Qh4+ 34. Rg3 Qf6
35. Rd1 Ra8 36. Qc5 cxb3 37. Qxb4 b2 38. Qb3 fxg4 39. hxg4 d4 40. Qc2 dxe3+ 41.
Kg2 Qxf4 42. Kh3 e2 0-1

[Event "Saint Louis Masters 2026"]
[Site "Saint Louis USA"]
[Date "2026.02.27"]
[Round "6.17"]
[White "Bilovil, Bogdan"]
[Black "Alexakis, Dimitris"]
[Result "0-1"]
[WhiteTitle "IM"]
[BlackTitle "GM"]
[WhiteElo "2446"]
[BlackElo "2538"]
[WhiteFideId "14168766"]
[BlackFideId "4277023"]
[EventDate "2026.02.25"]

1. d4 Nf6 2. c4 e6 3. Nc3 Bb4 4. e3 b6 5. Ne2 Ne4 6. Bd2 Nxd2 7. Qxd2 Bb7 8. a3
Be7 9. Nf4 c6 10. Bd3 d5 11. Qc2 h6 12. O-O-O dxc4 13. Bxc4 O-O 14. Ba2 Bc8 15.
Bb1 f5 16. Ba2 b5 17. g4 b4 18. axb4 Na6 19. Bxe6+ Kh7 20. Bxf5+ Bxf5 21. gxf5
Nxb4 22. Qe4 Bf6 23. Ne6 Qa5 24. Nxf8+ Rxf8 25. Kd2 c5 26. dxc5 Na2 27. Qc4 Rb8
28. Kc2 Nb4+ 29. Kb1 Na2 30. Kc2 Nb4+ 31. Kd2 Na2 32. Kd3 Rxb2 33. Rb1 Qd8+ 34.
Nd5 Nb4+ 35. Ke4 Qe8+ 36. Kf3 Qh5+ 37. Kg2 Qg5+ 38. Kf3 Qxf5+ 39. Qf4 Qh5+ 40.
Kg2 Qxd5+ 41. e4 Qxc5 42. Rxb2 Bxb2 43. Rb1 Bc3 44. h4 Nd3 45. Qg3 Qd4 46. f3
Qa4 47. Rb7 Qc2+ 48. Kh1 Qd1+ 49. Kg2 Qe2+ 50. Kh3 Nf2+ 51. Kh2 Nxe4+ 0-1